00927nam a2200205 a 450000100100000000500170001000800410002704000250006810000360009324000240012924500620015326000830021530000200029850000620031804900090038095201050038995201050049495201050059999900170070400002568420200930023954.0110221s2004 dr 000 0 spa d aDO-SdBNPbspacBNPHU1 aClare Prophet, Elizabeth95244910aSecret ray rosaries10aRosario de los rayos secretos /cElizabeth Clare Prophet. aSanto Domingo :bCentro de Edtudio de las Enseñanzas de los Maestros,c2004. a70 p. ;c22 cm. aCinco ministerios del rosario de la madre para su niños aBNPD 0010718PDaGRbGRcCTd2011-03-10iLF1l0o p25684-30r2020-06-25w2020-06-25yLFPDZNo se presta 0010718PDaPDbPDcCTd2011-02-21iLF1l0o p25684-10r2020-06-25w2020-06-25yLFPDZNo se presta 0010718PDaPDbPDcCTd2011-03-10iLF1l0o p25684-20r2020-06-25w2020-06-25yLFPDZNo se presta c25176d25176